Quick Pick: Call Me J. Quiz Stats

 Plays Quiz Updated Jun 9, 2019

Score 0/12 Timer 01:30
0 Plays Today
% Correct
J. Edgar Hoover
91.2%
J. Wellington Wimpy
84.2%
J. Robert Oppenheimer
82.8%
J. Danforth Quayle
79.9%
J. Paul Getty
77.4%
J. Geils
75.1%
J. William Fulbright
72.8%
J. Fred Muggs
66.8%
J. Peterman
64.2%
J. Cole
63.1%
J. Jonah Jameson
58.4%
J. Pierrepont Finch
52.4%

Today's Daily Dose

Missing Word
Video Games (A-Z)

Get the Picture
Tom Hanks

You're not logged in!

Compare scores with friends on all Sporcle quizzes.
OR
Log In

Sporcle TV

Today on Sporcle TV


Watch our educational content, quiz creation guides, and fun videos on Sporcle TV.

Show Comments

Extras

Top Quizzes Today


Score Distribution

Your Account Isn't Verified!

In order to create a playlist on Sporcle, you need to verify the email address you used during registration. Go to your Sporcle Settings to finish the process.

Report this User

Report this user for behavior that violates our Community Guidelines.

Details: